Nomi dei calciatori - Quiz n°46 - Statistics

Statistiche generali
  • Questo quiz è stato fatto 35 volte
  • Il punteggio medio è 8 su 10
Statistiche sulle risposte
Hint Risposta % Corretto
Koulibaly Kalidou
97%
El Shaarawy Stephan
97%
Strootman Kevin
90%
Demiral Merih
87%
Lenglet Clément
80%
Radu Ștefan
80%
Molina Salvatore
70%
Lemina Mario
67%
Farfán Jefferson
60%
Albrighton Marc
53%
Nessun quiz corrispondente trovato
Distribuzione punteggi
Percentuale di utenti per punteggio
Percentile per numero di risposta
I tuoi punteggi nel tempo
Non hai fatto questo quiz